01065cam a2200313 a 450000100090000000300050000900500170001400800410003101000170007202000180008904000180010704300120012505000270013708200160016410000310018024500360021126000390024730000210028665000280030765000300033565000320036565000220039765100200041965500270043965500250046685600710049185600850056285601040064711782100Nust20170214122353.0990826s2000 mau 000 1 eng  a 99046756  a9780747598244 aDLCcDLCdDLC an-us-me00aPS3557.I3415bS74 200000a813.54bGIL1 aGilbert, Elizabeth,d1969-10aStern men /cElizabeth Gilbert. aBoston :bHoughton Mifflin,c2000. a289 p. ;c24 cm. 0aTeenage girlsvFiction. 0aLobster fishersvFiction. 0aLobster fisheriesvFiction. 0aIslandsvFiction. 0aMainevFiction. 7aBildungsromans.2gsafd 7aLove stories.2gsafd413Sample textuhttp://www.loc.gov/catdir/samples/hm051/99046756.html423Publisher descriptionuhttp://www.loc.gov/catdir/description/hm022/99046756.html423Contributor biographical informationuhttp://www.loc.gov/catdir/enhancements/fy0736/99046756-b.html